Loading...
| Auditory Arts | 5 | 16.00 | 100% | 40% | 20% |
| Beliefs | 3 | 13.33 | 100% | 33% | 0% |
| Current Events | 2 | 20.00 | 100% | 50% | 50% |
| Fine Arts - Other Arts | 3 | 13.33 | 100% | 33% | 0% |
| Geography | 1 | 10.00 | 0% | 0% | 100% |
| History - American History | 2 | 5.00 | 50% | 0% | 0% |
| History - Ancient History | 3 | 23.33 | 100% | 67% | 67% |
| History - European History | 1 | 10.00 | 100% | 0% | 0% |
| History - Other History | 1 | 20.00 | 100% | 100% | 0% |
| History - World History | 6 | 11.67 | 100% | 17% | 0% |
| Literature - American Literature | 3 | 13.33 | 100% | 33% | 0% |
| Literature - British Literature | 3 | 23.33 | 100% | 67% | 67% |
| Literature - European Literature | 2 | 25.00 | 100% | 100% | 50% |
| Literature - World Literature | 5 | 18.00 | 100% | 40% | 40% |
| Philosophy | 2 | 15.00 | 100% | 50% | 0% |
| Science - Biology | 3 | 20.00 | 100% | 100% | 0% |
| Science - Chemistry | 3 | 13.33 | 100% | 33% | 0% |
| Science - Other Science | 5 | 14.00 | 60% | 80% | 0% |
| Science - Physics | 4 | 12.50 | 100% | 25% | 0% |
| Social Science | 4 | 15.00 | 100% | 50% | 0% |
| Visual Arts | 3 | 13.33 | 67% | 33% | 33% |